♫ Fox on the Run Lyrics - Sweet ♫ - Statistics

General Stats
  • This quiz has been taken 149 times
  • The average score is 115 of 169
Answer Stats
Lyric % Correct
Fox
98%
on
95%
the
95%
The
95%
run
94%
a
89%
I
88%
you
84%
You
84%
and
83%
And
83%
your
77%
every
71%
everybody
64%
know
63%
away
61%
scream
61%
don't
59%
is
58%
hide
57%
look
57%
way
57%
before
56%
name
56%
of
55%
same
55%
comes
53%
did
52%
Cause
50%
running
50%
wanna
50%
But
48%
yourself
48%
out
46%
Take
45%
face
43%
got
43%
pretty
42%
it
41%
think
39%
Foxy
38%
rest
37%
place
35%
looked
31%
just
30%
all
29%
Okay
29%
alright
28%
are
26%
talk
26%
about
24%
hand
21%
I've
21%
second
21%
heard
20%
drop
17%
names
17%
band
11%
No matching quizzes found
Score Distribution
Percent of People with Each Score
Percentile by Number Answered
Your Score History
You have not taken this quiz